000 00839cam a2200241 a 4500
001 000002775
005 20200929150244.0
008 790615s1992 sp rb 001 p spa
020 _a8420612111
040 _aDO-SdBNP
_bspa
_cBNPHU
082 _a861.5
_bG959l
100 1 _aGuillén, Jorge,
_d1893-
_98751
245 1 0 _aLenguaje y poesía :
_balgunos casos españoles /
_cJorge Guillén.
260 _aMadrid :
_bAlianza,
_c1992.
300 _a207 p. ;
_c17 cm.
490 1 _aEl Libro de bolsillo
490 1 _aLiteratura
_v211
500 _aLa primera edición de esta obra fue publicada con el título: Language and Poetry.
504 _aIncluye referencias bibliográficas.
650 4 _aPoesía española
_xHistoria y crítica
_98687
650 4 _aLiteratura española
_9632
830 3 _aEl libro de bolsillo,
_pLiteratura
_n211
_98752
999 _c2609
_d2609